Pays qui possédaient Mexico à travers l'histoire - Statistiques

Statistiques générales
  • Ce quiz a été pris 61 fois
  • Le résultat moyen est 3 sur 9
Statistiques - réponses
Périodes Pays % Correct
1521 - 1811 Empire Espagnol
96%
1811 - Aujourd'hui Mexique
92%
1861 - 1867 France / Second Empire Mexicain
71%
1428 - 1521 Empire Aztèque / Mexica
46%
1351 - 1428 (Triple alliance de Mésoamérique) Mexico - Tenochtitlan
10%
1548 - 1640 Union Ibérique
8%
1351 - 1428 (Triple alliance de Mésoamérique) Texcoco
6%
? - 1351 Azcapotzalco
4%
1351 - 1428 (Triple alliance de Mésoamérique) Tlacopan
4%
Aucun quiz correspondant
Distribution des résultats
% des personnes avec chaque résultat
Percentile par nombre de réponses
Votre historique - résultats
Vous n’avez pas pris ce quiz